000 00335nam a22001337a 4500
008 181224b xxu||||| |||| 00| 0 eng d
020 _a9781933890517
041 _aeng
080 _24th
_a338
100 _a53
101 _aMEN
245 _aA Guide to the Project Management Body of Knowledge (PMBOK Guide)
_cANSI
942 _2udc
_cBK
999 _c53719
_d53719